The future of migration
Saved in:
| Corporate Author: | |
|---|---|
| Format: | Book |
| Language: | English French |
| Published: |
Paris :
Organisation for Economic Co-operation and Development,
1987.
|
| Subjects: | |
| Tags: |
Add Tag
No Tags, Be the first to tag this record!
|
MARC
| LEADER | 00000cam a2200000 i 4500 | ||
|---|---|---|---|
| 001 | 1/12077 | ||
| 008 | 990512s1987 fr | ||| |||| ||eng|| | ||
| 020 | |a 9264129499 | ||
| 035 | |l 10018493 | ||
| 040 | |a GR-MyUA |b gre |e AACR2 | ||
| 041 | 1 | |a eng |h fre | |
| 082 | 0 | |a 304.8094 | |
| 110 | 2 | |a Organisation for Economic Co-operation and Development. | |
| 245 | 1 | 4 | |a The future of migration / |c Organisation for Economic Co-operation and Development. |
| 260 | |a Paris : |b Organisation for Economic Co-operation and Development, |c 1987. | ||
| 300 | |a 319 σ. | ||
| 500 | |a Τίτλος πρωτοτύπου: L'avenir migrations. | ||
| 650 | 0 | 0 | |a Migration, Internal |x Congresses. |
| 650 | 0 | 0 | |a Migration, Internal |z Europe |x Congresses. |
| 650 | 0 | 0 | |a Migration, Internal |z Europe, Southern |x Congresses. |
| 852 | |a INST |b LESVOS |e 19990512 |h 304.8094 FUT |p 005100016426 |q 005100016426 |t BK |y 0 | ||
| 909 | |a Λ |b 053931 | ||
| 922 | |a 1ΕΛΗ |b 199802 |c ΛΑΦΑΖΑΝΗ |d ΠΑΠΑΣΩΤΗΡΙΟΥ | ||
| 950 | |a 014-1996-07-16 | ||